The spell of Egypt / by Robert Hichens.
Main Author:
Format: Book
Language: English
Published:
Leipzig :
B. Tauchnitz,
1910.
Series:
Collection of British and American authors ;
4223.
Subjects:
Tags: Add Tag
Call Number: DT55 .H62 1910
| LEADER | 00713nam a2200229Ia 4500 | ||
|---|---|---|---|
| 003 | OSt | ||
| 005 | 20260429111910.0 | ||
| 008 | 211223s1910 gw 000 0 eng d | ||
| 040 | |c ARCE Library | ||
| 050 | 4 | |a DT55 .H62 1910 | |
| 100 | 1 | |a Hichens, Robert, |d 1864-1950, |e author | |
| 240 | 1 | 0 | |a Egypt and its monuments. |
| 245 | 1 | 4 | |a The spell of Egypt / |b by Robert Hichens. |
| 264 | 1 | |a Leipzig : |b B. Tauchnitz, |c 1910. | |
| 300 | |a 262 pages ; |c 17 cm. | ||
| 490 | 0 | |a Collection of British and American authors ; |v 4223. | |
| 651 | 0 | |a Egypt |x Antiquities. | |
| 651 | 0 | |a Egypt |x Description and travel. | |
| 710 | 2 | |a Bernhard Tauchnitz Verlag |e publisher. | |
| 901 | |a reviewed | ||
| 942 | |2 lcc |c BK | ||
| 999 | |c 41163 |d 41163 | ||
